Catálogo de la Biblioteca / (Record no. 59849)

MARC details
000 -LEADER
campo de control de longitud fija 00748nam a2200181 i 4500
001 - NÚMERO DE CONTROL
campo de control 59849
003 - IDENTIFICADOR DE NÚMERO DE CONTROL
campo de control ES-MaACL
005 - FECHA Y HORA DE LA ÚLTIMA TRANSACCIÓN
campo de control 20230906164117.0
007 - CAMPO FIJO DE DESCRIPCIÓN FÍSICA--INFORMACIÓN GENERAL
campo de control de longitud fija t|
008 - DATOS DE LONGITUD FIJA--INFORMACIÓN GENERAL
campo de control de longitud fija 031031m19121925sp c |||| | spa d
110 2# - ENTRADA PRINCIPAL--NOMBRE DE ENTIDAD CORPORATIVA
Nombre de entidad corporativa o nombre de jurisdicción como elemento de entrada Escuela Especial de Ingenieros de Caminos, Canales y Puertos (Madrid)
9 (RLIN) 170634
245 10 - MENCIÓN DEL TÍTULO
Título Catálogo de la Biblioteca /
Mención de responsabilidad, etc. Escuela Especial de Ingenieros de Caminos, Canales y Puertos.
260 ## - PUBLICACIÓN, DISTRIBUCIÓN, ETC.
Lugar de publicación, distribución, etc. Madrid :
Nombre del editor, distribuidor, etc. [s.n.],
Fecha de publicación, distribución, etc. 1912-1925 (
Fabricante Fortanet)
300 ## - DESCRIPCIÓN FÍSICA
Extensión 3 v. ;
Dimensiones 22 cm.
505 8# - NOTA DE CONTENIDO CON FORMATO
Nota de contenido con formato Contiene: I: Catálogo de obras: suplemento - II: Publicaciones periódicas (1901-1916)
610 2# - PUNTO DE ACCESO ADICIONAL DE MATERIA--NOMBRE DE ENTIDAD CORPORATIVA
Nombre de entidad corporativa o nombre de jurisdicción como elemento de entrada Escuela Especial de Ingenieros de Caminos, Canales y Puertos (Madrid).
Unidad subordinada Biblioteca-
Subdivisión de forma Catálogos.
9 (RLIN) 170632
852 ## - LOCALIZACIÓN
Ubicación ES-MaACL
Número de control de estantería B-13661-63
Holdings
Estatus retirado Estado de pérdida Estado de daño No para préstamo Biblioteca de origen Biblioteca actual Ubicación en estantería Fecha de adquisición Fuente de adquisición Total de préstamos Signatura topográfica completa Código de barras Visto por última vez Precio de reemplazo Tipo de ítem Koha
        Biblioteca del Ateneo de Madrid Biblioteca del Ateneo de Madrid Sala Pardo Bazán 17/01/2008     B-13661-63 1062769 23/02/2023 23/02/2023 Libro impreso